The haunted mask II / (Record no. 7211)

MARC details
000 -LEADER
fixed length control field 01428nam a22003137a 4500
001 - CONTROL NUMBER
control field 7211
003 - CONTROL NUMBER IDENTIFIER
control field FISKH
005 - DATE AND TIME OF LATEST TRANSACTION
control field 20250702150918.0
008 - FIXED-LENGTH DATA ELEMENTS--GENERAL INFORMATION
fixed length control field 250702b cb ||||| |||| 00| 0 eng d
020 ## - INTERNATIONAL STANDARD BOOK NUMBER
International Standard Book Number 9780439671132
040 ## - CATALOGING SOURCE
Original cataloging agency UBC
Transcribing agency UBC
Modifying agency XKK
-- SLC
-- DLC
Language of cataloging eng
050 ## - LIBRARY OF CONGRESS CALL NUMBER
Classification number PZ7.S86037
082 ## - DEWEY DECIMAL CLASSIFICATION NUMBER
Classification number 813.54
100 1# - MAIN ENTRY--PERSONAL NAME
Personal name Stine, R. L.
Dates associated with a name (1943-)
245 14 - TITLE STATEMENT
Title The haunted mask II /
Statement of responsibility, etc. R.L. Stine.
250 ## - EDITION STATEMENT
Edition statement This edition first published in 2015
260 ## - PUBLICATION, DISTRIBUTION, ETC.
Place of publication, distribution, etc. New York ;
Name of publisher, distributor, etc. Scholastic,
Date of publication, distribution, etc. 1995.
300 ## - PHYSICAL DESCRIPTION
Extent 124 pages :
Dimensions 20 cm
490 1# - SERIES STATEMENT
Series statement Goosebumps ;
Volume/sequential designation #36
505 ## - FORMATTED CONTENTS NOTE
Formatted contents note J<br/>
520 ## - SUMMARY, ETC.
Summary, etc. Juvenile Fiction. Juvenile Literature. Humor (Fiction.) HTML:The original series from the Master of Fright�now a major motion picture in theaters August 7, 2015!<br/><br/>Steve Boswell will never forget Carly Beth's Halloween mask. It was so gross. So terrifying. But this year Steve wants to have the scariest costume on the block. So he gets a mask from the same story where Carly Beth got hers. It looks like a creepy old man. With stringy hair. A wrinkled face. And spiders crawling out of the ears!Steve's definitely got the scariest mask around. Too bad he's starting to feel so old. And so tired. And so evil.<br/>
521 ## - TARGET AUDIENCE NOTE
Target audience note 490<br/>
Source Lexile<br/>
521 ## - TARGET AUDIENCE NOTE
Target audience note J<br/>
Source Raz-Plus<br/>
650 ## - SUBJECT ADDED ENTRY--TOPICAL TERM
Source of heading or term Children
Topical term or geographic name entry element Goosebumps
650 ## - SUBJECT ADDED ENTRY--TOPICAL TERM
Source of heading or term Halloween
Topical term or geographic name entry element Horror
655 #7 - INDEX TERM--GENRE/FORM
Genre/form data or focus term Horror fiction.
Source of term gsafd
942 ## - ADDED ENTRY ELEMENTS (KOHA)
Source of classification or shelving scheme Dewey Decimal Classification
Koha item type Books
Suppress in OPAC No
Holdings
Withdrawn status Lost status Source of classification or shelving scheme Damaged status Not for loan Collection Home library Current library Shelving location Date acquired Total Checkouts Full call number Barcode Date last seen Date last checked out Copy number Price effective from Koha item type
    Dewey Decimal Classification     Juvenile Fiction Footprints International School Library Network Toul Tom Poung Campus Footprints International School Library Network Toul Kork Campus TTP Primary Dark Blue Bookshelves 07/02/2025 2 STI 813.54 PZ7.S86037 2025-1733 12/11/2025 10/31/2025 1 07/02/2025 Books